Expressions Anglaises : II.5. The arts - Statistiques

Statistiques générales
  • Ce quiz a été pris 22 fois
  • Le résultat moyen est 25 sur 35
Statistiques - réponses
Hint Réponse % Correct
to shoot a film tourner un film
94%
navy blue bleu marine
88%
to play a musical instrument jouer d'un instrument de musique
88%
just released qui vient de sortir
88%
a gospel song un chant religieux noir
88%
a work of art une œuvre d'art
88%
a stringed, wind instrument un instrument à cordes, à vent
88%
an unexpected development un rebondissement inattendu
88%
to level criticism at adresser des critiques à
81%
to go to the pictures, movies aller au cinéma
81%
to sing in tune, out of tune chanter juste, faux
81%
canned, recorded music de la musique enregistrée
81%
matching colours des couleurs assorties
81%
dark brown marron foncé
81%
a novel by Dickens un roman de Dickens
81%
a recording studio un studio d'enregistrement
81%
Art for Art's sake l'art pour l'art
75%
the underlying theme le thème sous-jacent
75%
to book one's seat réserver sa place
75%
blank verse vers blancs (pentamètres iambiques non rimés)
75%
behind the scene, in the wings en coulisses
69%
to get an insight into a subject être éclairé sur un sujet
69%
to play the piano, the guitar, etc. jouer du piano, de la guitare, etc.
69%
to play to the gallery jouer pour la galerie
69%
Beethoven's 9th symphony la 9e symphonie de Beethoven
69%
(non)figurative art l'art, non figuratif
69%
a blue film un film porno
69%
to put on an act jouer la comédie
63%
a brilliant performance une interprétation brillante
63%
a symphony by Beethoven une symphonie de Beethoven
63%
to be in the limelight être sous les feux de la rampe
56%
an outstanding achievement une réussite exceptionnelle
56%
a box-office hit un film, une pièce qui fait recette
38%
to top the bill être en tête d'affiche
31%
on location en extérieur, en décor naturel
25%
Aucun quiz correspondant
Distribution des résultats
% des personnes avec chaque résultat
Percentile par nombre de réponses
Votre historique - résultats
Vous n’avez pas pris ce quiz